Neveselá záležitost : [hluboce osobní výpověď autora Hlavy 22] /

Hlavní autor: Heller, Joseph, 1923-1999
Další autoři: Jindra, Miroslav, 1929-2021, Vogel, Speed, 1918-2008
Jazyk: Čeština
Vydáno: Praha : BB art, 1996
Vydání: 1. vyd. v čes. jaz.
Témata:
Externí odkaz: Digitalizovaný dokument
Fyzický popis: 329 s. ; 24 cm
Knihy
Uloženo v:
LEADER 01559nam a2200373 a 4500
001 000120553
003 CZ BrMZK
005 20170222104927.0
007 ta
008 960815s1996 xr f cze d
015 |a cnb000184126 
020 |a 80-86070-03-4 
035 |a (OCoLC)37674981 
040 |a BOA001  |b cze 
080 |a 820(73)-94=850  |2 MRF 
080 |a 929 Heller, Joseph  |2 MRF 
080 |a 820(73)"19":92 Heller, Joseph  |2 MRF 
100 1 |a Heller, Joseph,  |d 1923-1999  |7 jn19990003358  |4 aut 
245 1 0 |a Neveselá záležitost :  |b [hluboce osobní výpověď autora Hlavy 22] /  |c Joseph Heller & Speed Vogel ; [z angličtiny] přeložil Miroslav Jindra] 
250 |a 1. vyd. v čes. jaz. 
260 |a Praha :  |b BB art,  |c 1996 
300 |a 329 s. ;  |c 24 cm 
500 |a Dostupné též v digitální podobě v aplikaci Kramerius 
653 0 |a Heller, Joseph 1923-1999  |a američtí spisovatelé 
700 1 |a Jindra, Miroslav,  |d 1929-2021  |7 jk01051740  |4 trl 
700 1 |a Vogel, Speed,  |d 1918-2008  |7 xx0060721  |4 aut 
765 0 |t No laughing matter 
856 4 1 |u http://www.digitalniknihovna.cz/mzk/uuid/uuid:c822d220-f8f5-11e6-aa6c-005056827e52  |y Digitalizovaný dokument  |x NDK 
910 |a BOA001  |b 2-1028.176  |b PK-0126.762 
920 |a 000127004 
964 |a Heller  |b Joseph  |f 1923- 1999  |x vzpomínky vlastní 
990 |a BK 
996 6 |b 2610046048  |c 2-1028.176  |l MZK  |r Sklad / do 1 hodiny  |n 15  |p p.v.  |w 000120553  |u 000010  |a 1  |e BOA001  |j MZK50  |s P 
996 7 |b 3119006459  |c PK-0126.762  |l MZK  |r Sklad / do 1 hodiny  |n 14  |p kup  |w 000120553  |u 000020  |a 1  |e BOA001  |j MZK50  |s A